mysqli: Table './ulib62015/stat_globaluid' is marked as crashed and should be repaired
select id from stat_globaluid where statuid='20260517200351_1669'
mysqli: Table './ulib62015/stat_globaluid' is marked as crashed and should be repaired
DELETE FROM stat_globaluid
WHERE id NOT IN (
SELECT id
FROM (
SELECT id
FROM stat_globaluid
ORDER BY id DESC
LIMIT 100
) foo
);
mysqli: Table './ulib62015/stat_globaluid' is marked as crashed and should be repaired
insert into stat_globaluid set
statuid='20260517200351_1669',
dt='1779023031',
phpself='/ULIB62015/dublinfull.php',
agent='Mozilla/5.0 AppleWebKit/537.36 (KHTML, like Gecko; compatible; ClaudeBot/1.0; +claudebot@anthropic.com)',
yea='2026',
mon='5',
dat='17',
ip='216.73.216.45'
mysqli: Table './ulib62015/stathist_viewbib_bib_type' is marked as crashed and should be repaired
insert into stathist_viewbib_bib_type set
dat='17' ,
mon='05' ,
yea='2026' ,
statuid='20260517200351_1669' ,
head='13399122764' ,
foot='marc' ,
dt='1779023031'
| LEADER : 00000nam 2200000uu 4500 |
| 001 13399122764 |
| 003 ULIB |
| 008 200805s2014||||th 000 0 eng d |
| 020 ^a9789400772557
|
| 060 0 ^aWN650^bR129 2014
|
| 245 00 ^aRadiological safety and quality :^bparadigms in leadership and innovation /^c Lawrence Lau, Kwan-Hoong Ng., editors
|
| 246 30 ^aParadigms in leadership and innovation
|
| 260 ^aDordrecht :^bSpringer,^cc2014.
|
| 300 ^axxi, 471 pages :^billustrations, charts ;^c24cm.
|
| 504 ^aIncludes bibliographical references and index
|
| 650 0 ^aMedical radiolog^xSecurity measures
|
| 650 0 ^aRadiation^xDosage
|
| 650 0 ^aRadiography^xImage quality
|
| 650 0 ^aRadiation.
|
| 650 0 ^aRadiation protection.
|
| 650 0 ^aRadiology.
|
| 700 1 ^aLau, Lawrence,^eeditor.
|
| 700 1 ^aNg, Kwan-Hoong,^eeditor.
|
| 945 ^p5850^l0^i028006 |
| 999 ^a57066
|
| คุณยังไม่ได้ล็อกอิน คุณสามารถมีกิจกรรมร่วมกับเว็บไซต์ได้ แต่ต้องล็อกอินก่อน :: |
|
|
|
| ลำดับที่ |
ประเภท |
เลขเรียก/บาร์โค้ด |
สถานที่ |
สถานะ |
| 1. |
 หนังสือ | WN650 R129 2014 Barcode: 028006 | หนังสือทั่วไป | บนชั้น ขอยืม |
| Note:งบประมาณปี 2563 |
รายการใกล้เคียง
หัวเรื่อง [Radiology.]
|
|
ยังไม่เคยถูกคอมเมนท์
|
| คอมเมนท์ทรัพยากรรายการนี้ |
|